00771nam a2200205 4500999001900000005001700019010001500036020002700051035001400078037001300092082001100105100001500116245005500131260003400186270011200220300002200332500005000354942002500404952013600429 c168942d16894220191031165905.0 aENG-126771 a9789386806130c1495.00 aEN-110303 bDBAD/PUB a709.05 aMadhu Rani aContemporary artists and thinkers /cby Madhu Rani aNew DelhibIshwar Booksc2018 aB-29, Arya Nagar CGHS Ltd., Plot No-91, I.P.ExtensionbPatparganj, New Delhie110092mishwarbooks@gmail.co, av;296p.c24cm(Hb) aIncludes bibliographical references and index 2ddccENh709.05mMAD 001040708NFICaLbLd2019-10-31eDBAD/PUBg1495.00l3m2o709.05 MADpEN-110303r2022-05-21 00:00:00s2022-05-11t1v1495.00yEN